Assamar sanskriti (Record no. 2326)

MARC details
000 -LEADER
fixed length control field 00453cam a2200193ua 4500
001 - CONTROL NUMBER
control field 2473
005 - DATE AND TIME OF LATEST TRANSACTION
control field 20260515113514.0
008 - FIXED-LENGTH DATA ELEMENTS--GENERAL INFORMATION
fixed length control field 110823n ii |||gr||||Z||||||asm
040 ## - CATALOGING SOURCE
Transcribing agency MAIN
082 ## - DEWEY DECIMAL CLASSIFICATION NUMBER
Classification number 398.054162
100 ## - MAIN ENTRY--PERSONAL NAME
Personal name Gogoi, Lila,
245 1# - TITLE STATEMENT
Title Assamar sanskriti
Statement of responsibility, etc. by Lila Gogoi
250 ## - EDITION STATEMENT
Edition statement 2nd.
260 ## - PUBLICATION, DISTRIBUTION, ETC.
Place of publication, distribution, etc. Guahati:
Name of publisher, distributor, etc. Bina Library,986.
300 ## - PHYSICAL DESCRIPTION
Extent 285p:
Other physical details ill;
Dimensions 23cm.
653 ## - INDEX TERM--UNCONTROLLED
Uncontrolled term Assamese culture
653 ## - INDEX TERM--UNCONTROLLED
Uncontrolled term Folklore
942 ## - ADDED ENTRY ELEMENTS (KOHA)
Koha item type Books
Holdings
Withdrawn status Lost status Damaged status Not for loan Home library Current library Shelving location Date acquired Total checkouts Full call number Barcode Date last seen Date last checked out Copy number Price effective from Koha item type
        Naharkatiya College Library Naharkatiya College Library General stacks 09/19/2020 2 398.054162 | GOG 8553 09/24/2024 09/10/2024 3 09/19/2020 Books
        Naharkatiya College Library Naharkatiya College Library General stacks 09/19/2020 2 398.054162 | GOG 8554 09/18/2024 09/13/2024 1 09/19/2020 Books
        Naharkatiya College Library Naharkatiya College Library General stacks 09/19/2020 1 398.054162 | GOG 8557 08/26/2025 08/13/2024 2 09/19/2020 Books